| 000 | 00482 a2200145 4500 | ||
|---|---|---|---|
| 020 | _a0766827941 (alk. paper) | ||
| 082 | _a628.21 GRI | ||
| 100 | _aGribbin, John E. | ||
| 245 |
_aIntroduction to hydraulics and hydrology with applications for stormwater management / _cJohn E. Gribbin. |
||
| 250 | _a2nd ed. | ||
| 260 |
_aAlbany, NY : _bDelmar, Thomson Learning, _c2002. |
||
| 300 |
_axi, 484 p. : _bill., maps ; _c28 cm. |
||
| 650 |
_aUrban runoff _xManagement. |
||
| 650 | _aHydraulics. | ||
| 650 | _aHydrology. | ||
| 999 |
_c1709 _d1709 |
||